The Collected Poems of Hart Crane /

Uloženo v:
Podrobná bibliografie
Hlavní autor: Crane, Hart (autor)
Další autoři: Frank, Waldo (introducción) (introducción)
Médium: Kniha
Jazyk:angličtina
Vydáno: Nueva York, EUA : Liveright, 1933, c1933
Témata:
Tagy: Přidat tag
Žádné tagy, Buďte první, kdo vytvoří štítek k tomuto záznamu!

MARC

LEADER 00000nam^a2200000^a^4500
001 000132812
005 20250521000000.0
009 20260310095111.903
037 |a Acervo ITESO - Biblioteca 
041 |a ING 
082 |a 811.  |b CRA 
100 |a Crane, Hart  |e (autor) 
245 1 4 |a The Collected Poems of Hart Crane /  |c H. Crane ; introd. de W. Frank. 
264 4 |a Nueva York, EUA :  |b Liveright,  |c 1933, c1933 
300 |a 179 p. 
336 |a texto  |b txt  |2 rdacontenido 
337 |a sin mediación  |b n  |2 rdamedio 
338 |a volumen  |b nc  |2 rdasoporte 
649 |a XX 
650 |a Poesía Norteamericana 
650 |a Literatura Norteamericana -  |y Siglo XX 
700 |a Frank, Waldo  |e (introducción) 
910 |a Fondo General 
920 |a Impresos - Libros 
930 |a Colección General 
940 |a Literatura 
905 |a 101 
901 |a 0500061953  |b IT1  |c LIT  |u 20250521 
902 |a https://opac.biblio.iteso.mx/vufind/Record/000132812